| Tag |
First Indicator |
Second Indicator |
Subfields |
| LEADER |
00000cam a22000008a 4500 |
| 001 |
in00000085925 |
| 005 |
20151008064347.0 |
| 008 |
810921s1981 njua b 10100 eng |
| 010 |
|
|
|a 81015198
|
| 020 |
|
|
|a 0898591570
|
| 035 |
|
|
|a (OCoLC)07837609
|
| 035 |
|
|
|9 AAK4034AM
|
| 039 |
0 |
|
|a 2
|b 3
|c 3
|d 3
|e 3
|
| 040 |
|
|
|a DLC
|c DLC
|d TXA
|d UtOrBLW
|
| 049 |
|
|
|a TXAM
|c [1196252]
|
| 050 |
0 |
0 |
|a BF319
|b .I53
|
| 082 |
0 |
|
|a 591.51
|2 19
|
| 245 |
0 |
0 |
|a Information processing in animals, memory mechanisms /
|c edited by Norman E. Spear, Ralph R. Miller.
|
| 263 |
|
|
|a 8201
|
| 264 |
|
1 |
|a Hillsdale, N.J. :
|b L. Erlbaum Associates,
|c 1982.
|
| 300 |
|
|
|a ix, 390 pages :
|b illustrations ;
|c 24 cm.
|
| 336 |
|
|
|a text
|b txt
|2 rdacontent
|
| 337 |
|
|
|a unmediated
|b n
|2 rdamedia
|
| 338 |
|
|
|a volume
|b nc
|2 rdacarrier
|
| 500 |
|
|
|a "Based upon the Binghampton Symposium on Memory Mechanisms in Animal Behavior which was held at the State University of New York at Binghamton on June 10-12, 1980"--Pref.
|
| 504 |
|
|
|a Includes bibliographies and indexes.
|
| 650 |
|
0 |
|a Conditioned response
|x Congresses.
|
| 650 |
|
0 |
|a Memory
|v Congresses.
|
| 650 |
|
0 |
|a Psychology, Comparative
|v Congresses.
|
| 700 |
1 |
|
|a Spear, Norman E.
|
| 700 |
1 |
|
|a Miller, Ralph R.,
|d 1940-
|
| 711 |
2 |
|
|a Binghamton Symposium on Memory Mechanisms in Animal Behavior
|d (1980) :
|c State University of New York at Binghamton)
|
| 999 |
|
|
|a MARS
|
| 999 |
f |
f |
|s 6654d793-c11e-37d1-a0a9-fd4ba67906c5
|i 9b2bb741-3fb9-39c2-bab9-45324b1fab5e
|t 0
|
| 952 |
f |
f |
|p normal
|a Texas A&M University
|b College Station
|c Sterling C. Evans Library
|d Evans: Library Stacks
|t 0
|e BF319 .I53
|h Library of Congress classification
|i unmediated -- volume
|m A14806086899
|
| 998 |
f |
f |
|a BF319 .I53
|t 0
|l Evans: Library Stacks
|